Personnalités au hasard #23 - Statistiques

Statistiques générales
  • Ce quiz a été pris 293 fois
  • Le résultat moyen est 10 sur 32
Statistiques - réponses
Par images Réponse % Correct
Inoxtag
89%
Jennifer Aniston
74%
Nicki Minaj
72%
Léon Marchand
60%
Audrey Fleurot
59%
Michael B. Jordan
58%
Robert De Niro
54%
Meryl Streep
53%
Tina Turner
45%
Pokimane
41%
Sandrine Rousseau
41%
Benito Mussolini
37%
Nadine Morano
34%
Gringe
31%
Patrick Cohen
29%
Cate Blanchett
27%
Amine Mojito
26%
Ophélie Winter
26%
Oxmo Puccino
24%
Billy Ray Cyrus
19%
Gamal Abdel Nasser
19%
Monique Olivier
18%
Cyril Schreiner
16%
Tate McRae
16%
Florence Arthaud
13%
Sarah Michelle Gellar
12%
Antoine Arnault
10%
Gustave Eiffel
9%
Metro Boomin
9%
Donna Summer
8%
Ange Noiret
3%
Jiang Qing
2%
Aucun quiz correspondant
Distribution des résultats
% des personnes avec chaque résultat
Percentile par nombre de réponses
Votre historique - résultats
Vous n’avez pas pris ce quiz